000
00270nam a2200109Ia 4500
008
190914s9999||||xx |||||||||||||| ||und||
100
_a
Mah.Abdul Ghani
245
0
_a
Labour and Industrial Jurisprudence
260
_a
India
_b
S. Chand
_c
2003
300
_a
250
942
_c
BK
999
_c
10125
_d
10125